[Event "Wisla Fianchetto op 5th"]
[Site "Wisla"]
[Date "2000.10.15"]
[Round "10.11"]
[White "Szydlowski, Wiktor"]
[Black "Nadolinski, Roman"]
[Result "1/2-1/2"]
[WhiteElo "2000"]
[BlackElo "2000"]
[PlyCount "26"]
[EventDate "2000.10.??"]
[EventType "swiss"]
[EventRounds "11"]
[EventCountry "POL"]
[SourceTitle "EXT 2005"]
[Source "ChessBase"]
[SourceDate "2004.11.15"]
[SourceVersion "1"]
[SourceVersionDate "2004.11.15"]
[SourceQuality "1"]

1. e4 c5 2. Nc3 d6 3. f4 a6 4. Nf3 Nf6 5. d4 cxd4 6. Nxd4 g6 7. f5 Bg7 8. Bc4 b5 9. Bd5 Nxd5 10. Nxd5 Bb7 11. fxg6 hxg6 12. Bg5 Bxd5 13. exd5 Qb6 1/2-1/2

[Event "Wisla Fianchetto op 5th"]
[Site "Wisla"]
[Date "2000.10.11"]
[Round "6.6"]
[White "Kozicz, Andrzej"]
[Black "Nadolinski, Roman"]
[Result "1-0"]
[WhiteElo "2038"]
[BlackElo "2000"]
[PlyCount "67"]
[EventDate "2000.10.??"]
[EventType "swiss"]
[EventRounds "11"]
[EventCountry "POL"]
[SourceTitle "EXT 2005"]
[Source "ChessBase"]
[SourceDate "2004.11.15"]
[SourceVersion "1"]
[SourceVersionDate "2004.11.15"]
[SourceQuality "1"]

1. e4 e6 2. d4 d5 3. Nc3 c6 4. Nf3 Nf6 5. Bg5 Be7 6. e5 Nfd7 7. h4 a6 8. Bxe7 Qxe7 9. Rh3 c5 10. h5 h6 11. Rg3 cxd4 12. Qxd4 Nc6 13. Qf4 Qb4 14. Qxb4 Nxb4 15. 0-0-0 0-0 16. Re1 Nc6 17. Bd3 b5 18. Nb1 Bb7 19. Nbd2 Rfc8 20. Nb3 Rc7 21. Nbd4 Nb4 22. Kb1 Rac8 23. Nd2 Nxd3 24. Rxd3 Nc5 25. Rde3 Ne4 26. R3e2 b4 27. g4 a5 28. f3 Nxd2+ 29. Rxd2 Ba6 30. f4 Kf8 31. Rg1 Rc4 32. g5 R8c7 33. f5 exf5 34. Nxf5 1-0